000
00510nam a2200181Ia 4500
008
090124s9999 xx 000 0 und d
082
_b
122176
100
_a
जागीरदार गजानन
245
_a
पाऊलखुणा
250
_a
1
260
_c
1986
300
_a
260
600
_a
जागीरदार गजानन
630
_a
पाऊलखुणा
700
_a
जागीरदार गजानन
730
_a
पाऊलखुणा
942
_c
BOOK
999
_c
168262
_d
168262